01293cam a2200337 i 45000010008000000030005000080050017000130080041000300100017000710200033000880380010001210400018001310410013001490500025001620820017001871000043002042400028002472450101002752500013003762600059003893000019004484400038004675000034005055000116005395000059006555050134007147000019008487000052008677000019009197400017009381792413NUST20190427102105.0781128m19791987inu s000 1 eng  a 78020279  a0253192668 (set)z025329266X aazhar aDLCcDLCdDLC1 aenghchi00aPL2727.S2bS713 197900a895.1/342191 aCao, Xueqin,dapproximately 1717-1763.10aHong lou meng.lEnglish14aThe story of the stone :ba novel in five volumes /cby Cao Xueqin ; translated by David Hawkes. aVOLUME 4 aBloomington :bIndiana University Press,c[1979]-1987. a5 v. ;c24 cm. 0aChinese literature in translation aTranslation of Hong lou meng. aVol. 5 has cover title in Chinese: Shih tʻou chi, and subtitle: a Chinese novel by Cao Xueqin in five volumes. aVol. 4-5: edited by Gao E; translated by John Minford.0 av. 1. The golden days.--v. 2. The Crab-Flower Club.--v. 3. The warning voice.--v. 4. The debt of tears.--v. 5. The dreamer wakes.1 aHawkes, David.1 aGao, E,dapproximately 1738-approximately 1815.1 aMinford, John.0 aShi tou zhi.